Vývoj vybraných ukazovateľov potravinárskeho priemyslu v SR za roky 1999-2003

Príspevok monitoruje najmä vývoj ukazovateľov produkcie, počtu podnikov a zamestnaní v spojitosti s niektorými ďalšími súvisiacimi ukazovateľmi (napr. zahraničný kapitál, investície, dotácie, produktivita práce) v členení podľa zoskupení 16 výrobných potravinárskych odborov a súčasne v triedení tak...

Descrizione completa

Salvato in:
Dettagli Bibliografici
Autore principale: Belešová, Svetlana
Altri autori: Meravá, Eva
Natura: Capitolo di libro
Lingua:slovacco
Soggetti:
Tags: Aggiungi Tag
Nessun Tag, puoi essere il primo ad aggiungerne!!

MARC

LEADER 00000naa$a2200000$$$4500
001 0037931
005 20231018090814.2
041 0 |a slo 
044 |a SK 
245 1 0 |a Vývoj vybraných ukazovateľov potravinárskeho priemyslu v SR za roky 1999-2003  |c Svetlana Belešová, Eva Meravá 
520 |a Príspevok monitoruje najmä vývoj ukazovateľov produkcie, počtu podnikov a zamestnaní v spojitosti s niektorými ďalšími súvisiacimi ukazovateľmi (napr. zahraničný kapitál, investície, dotácie, produktivita práce) v členení podľa zoskupení 16 výrobných potravinárskych odborov a súčasne v triedení tak podľa veľkosti, ako aj miery úspešnosti hospodárenia subjektov. Špecifickým pohľadom na vývoj potravinárskych odborov je posúdenie úrovne koncentrácie podľa zvolených metód. 
610 2 0 |a potravinárstvo 
610 2 0 |a ukazovatele 
610 2 0 |a produkcia 
610 2 0 |a podnik 
610 2 0 |a zamestnanosť 
610 2 0 |a produktivita práce 
610 2 0 |a investície 
610 2 0 |a dotácie 
610 2 0 |a kapitál zahraničný 
610 2 0 |a výsledok hospodársky 
610 2 0 |a koncentrácia 
610 2 0 |a Slovensko 
610 2 0 |a 1999-2003 
610 2 0 |a semináre 
100 1 |a Belešová, Svetlana 
700 1 |a Meravá, Eva